Mastering principles of accounts

Bibliographic Details
Main Author: Scott, J. Randall (Author)
Format: Book
Published: London : Macmillan , 1982
Subjects:

MARC

LEADER 00000cam a2200000 7i4500
001 0000005137
005 20040428093000.0
008 021118s1982
020 |a 0333310667 
090 0 0 |a HF5635   |b .S26 
100 0 |a Scott, J. Randall ,   |e author 
245 1 0 |a Mastering principles of accounts   |c J. Randall Scott 
260 2 |a London :   |b Macmillan ,   |c 1982 
300 |a 237 p. ;   |c 21 cm. 
500 |a Includes index 
650 0 |a Accounting 
650 0 |a Bookkeeping 
999 |a 1000015031   |b Book   |c OPEN SHELF (30 DAYS)   |e Gong Badak Campus 
999 |a 1000015032   |b Book   |c OPEN SHELF (30 DAYS)   |e Gong Badak Campus